[Event "TCh-TUR 2011"]
[Site "Konya TUR"]
[Date "2011.07.07"]
[Round "11"]
[White "Duman, Aydin"]
[Black "Yurtseven, Can"]
[Result "1/2-1/2"]
[BlackTitle "FM"]
[WhiteElo "2188"]
[BlackElo "2330"]
[WhiteTeam "Mersin Ezgi Satranc Kulubu"]
[BlackTeam "Isek Aquamatch S.K."]
[WhiteFideId "6301304"]
[BlackFideId "6300081"]
[EventDate "2011.06.28"]

1. e4 c5 2. Nf3 e6 3. Nc3 a6 4. g3 Qc7 5. Bg2 Nc6 6. O-O Nf6 7. d4 cxd4 8. Nxd4
Nxd4 9. Qxd4 Bc5 10. Bf4 d6 11. Qd2 Bb4 12. Rad1 Bxc3 13. bxc3 e5 14. Bg5 Be6
15. a4 Rc8 16. Qxd6 Qxd6 17. Rxd6 Rxc3 18. Rb1 Bc8 19. f4 O-O 20. fxe5 Ng4 21.
Rbd1 Nxe5 22. Be7 f6 23. Bxf8 Kxf8 24. Rd8+ Ke7 25. Rg8 Kf7 26. Rh8 Rxc2 27.
Rxh7 Kg8 28. Rh4 Bd7 29. Rf4 Bxa4 30. Rf2 Rc4 31. Rb1 Bc6 32. Rfb2 a5 33. Ra1 a4
34. Bf1 Rc5 35. Kf2 Kf8 36. Ke3 Ke7 37. Kd4 Kd6 38. Be2 Ra5 39. Bf1 Rc5 40. Be2
Ra5 41. Ra3 b5 42. Ra1 Be8 43. Rd1 a3 44. Kc3+ Kc5 45. Rd5+ Kb6 46. Rb1 Bc6 47.
Rd8 a2 48. Ra1 Bxe4 49. Rb8+ Kc5 50. Rxb5+ Rxb5 51. Bxb5 Kxb5 52. Rxa2 Kc5 53.
Ra5+ Kd6 54. Ra6+ Bc6 55. Ra7 Bd7 56. h4 Ke6 57. Kd2 Kf5 58. Ke3 Kg4 59. Kf2 g6
60. Ra3 Bc6 61. Rb3 Kh3 62. Rc3 Bd5 63. Ra3 Ng4+ 64. Kg1 Nh2 65. Kf2 Ng4+ 66.
Kg1 Bg2 67. Rc3 Ne5 68. Ra3 Nf3+ 69. Kf2 Nd2 70. g4+ Kxh4 71. Kxg2 Kxg4 72. Ra4+
Kf5 73. Ra5+ Kf4 74. Ra4+ Ne4 75. Rb4 g5 76. Ra4 g4 77. Rb4 f5 78. Ra4 Kg5 79.
Ra5 Kf6 80. Ra6+ Ke5 81. Ra5+ Ke6 82. Ra6+ Ke5 1/2-1/2

[Event "TCh-TUR 2011"]
[Site "Konya TUR"]
[Date "2011.07.07"]
[Round "11"]
[White "Atalik, Ekaterina"]
[Black "Nikolova, Adriana"]
[Result "1-0"]
[WhiteTitle "IM"]
[BlackTitle "WIM"]
[WhiteElo "2436"]
[BlackElo "2333"]
[WhiteTeam "Isek Aquamatch S.K."]
[BlackTeam "Mersin Ezgi Satranc Kulubu"]
[WhiteFideId "4130189"]
[BlackFideId "2908689"]
[EventDate "2011.06.28"]

1. d4 Nf6 2. c4 e6 3. Nc3 Bb4 4. e3 O-O 5. Bd3 d5 6. Nf3 c5 7. O-O Nc6 8. a3
Bxc3 9. bxc3 dxc4 10. Bxc4 Qc7 11. h3 e5 12. Bb2 Bf5 13. Bb5 e4 14. Bxc6 Qxc6
15. Ne5 Qb5 16. Qd2 c4 17. a4 Qa6 18. f3 exf3 19. Rxf3 Ne4 20. Qc2 Bg6 21. Rf4
Ng5 22. e4 Rfe8 23. Raf1 f6 24. Nxg6 hxg6 25. Rg4 Qb6 26. Bc1 Nh7 27. Rxg6 Qb3
28. Qf2 Qxc3 29. e5 Kf7 30. Rg3 Qb4 31. Qf5 Nf8 32. Bh6 Re6 1-0

[Event "TCh-TUR 2011"]
[Site "Konya TUR"]
[Date "2011.07.07"]
[Round "11"]
[White "Bolat, Ahmet"]
[Black "Kanli, Kaan"]
[Result "0-1"]
[WhiteElo "2074"]
[BlackElo "1919"]
[WhiteTeam "Mersin Ezgi Satranc Kulubu"]
[BlackTeam "Isek Aquamatch S.K."]
[WhiteFideId "6327923"]
[BlackFideId "6309836"]
[EventDate "2011.06.28"]

1. d4 Nf6 2. g3 d5 3. Bg2 e6 4. Nf3 c5 5. O-O Nc6 6. c4 dxc4 7. dxc5 Qxd1 8.
Rxd1 Bxc5 9. Nbd2 Ke7 10. Nxc4 Ne4 11. Be3 Bxe3 12. fxe3 Nf6 13. Nd4 Bd7 14.
Nxc6+ Bxc6 15. Bxc6 bxc6 16. Ne5 Rhc8 17. Rac1 c5 18. Rd2 Rc7 19. b4 Rac8 20.
Rdc2 Ne4 21. Rc4 f5 22. Nd3 Kd6 23. b5 Rb8 24. a4 Rbc8 25. Rd1 Ke7 26. Ne5 Kf6
27. Nd3 e5 28. Rdc1 Ke6 29. Nb4 Nd2 30. Na6 Nxc4 31. Nxc7+ Rxc7 32. Rxc4 Kd5 33.
Rc1 c4 34. Kf2 c3 35. e4+ fxe4 36. Ke3 Kc4 37. a5 Kxb5 38. Kxe4 Kc4 39. a6 Kb3
40. Rb1+ Ka2 41. Rb7 Rc8 0-1

[Event "TCh-TUR 2011"]
[Site "Konya TUR"]
[Date "2011.07.07"]
[Round "11"]
[White "Baglan, Esat"]
[Black "Sumer, Gun"]
[Result "1-0"]
[WhiteElo "1807"]
[BlackElo "1828"]
[WhiteTeam "Isek Aquamatch S.K."]
[BlackTeam "Mersin Ezgi Satranc Kulubu"]
[WhiteFideId "6309216"]
[BlackFideId "6311784"]
[EventDate "2011.06.28"]

1. e4 c5 2. Nf3 Nc6 3. d4 cxd4 4. Nxd4 Qb6 5. Nb3 Nf6 6. Nc3 e6 7. Be3 Qc7 8.
Bd3 Be7 9. O-O d6 10. f4 a6 11. Qf3 O-O 12. a3 Re8 13. g4 Nd7 14. Rae1 b5 15.
Nd1 b4 16. a4 Na5 17. Qh3 Bb7 18. Nf2 Bc6 19. g5 Bxa4 20. Nxa5 Bxc2 21. Rc1 Qxa5
22. Bxc2 Rec8 23. Bb3 Qd8 24. Ng4 a5 25. f5 Rxc1 26. Rxc1 exf5 27. exf5 Bxg5 28.
Bxf7+ Kh8 29. Rf1 Qe7 30. Be6 Bxe3+ 31. Qxe3 Rf8 32. Ra1 Nf6 33. h3 1-0

[Event "TCh-TUR 2011"]
[Site "Konya TUR"]
[Date "2011.07.07"]
[Round "11"]
[White "Mutlu, Beste"]
[Black "Yigit, Aleyna"]
[Result "0-1"]
[WhiteElo "1548"]
[BlackElo "1732"]
[WhiteTeam "Mersin Ezgi Satranc Kulubu"]
[BlackTeam "Isek Aquamatch S.K."]
[WhiteFideId "6325050"]
[BlackFideId "6300235"]
[EventDate "2011.06.28"]

1. e4 e5 2. Nf3 Nc6 3. Bc4 Bc5 4. c3 Nf6 5. d3 a6 6. Bb3 Ba7 7. Nbd2 d6 8. O-O
h6 9. Re1 g5 10. h3 g4 11. hxg4 Nxg4 12. Re2 Qf6 13. Nf1 Rg8 14. N1h2 Nxh2 15.
Kxh2 Qg6 16. Ne1 Qh5+ 17. Kg1 Bg4 18. Qd2 Bxe2 19. Qxh6 Qxh6 20. Bxh6 Rg6 21.
Bd2 Rf6 22. Be3 Bxe3 23. fxe3 Rf1+ 24. Kh2 O-O-O 25. Nc2 Rh8+ 26. Kg3 Rg8+ 27.
Kh2 Rf2 28. Kh3 Rgxg2 0-1

[Event "TCh-TUR 2011"]
[Site "Konya TUR"]
[Date "2011.07.07"]
[Round "11"]
[White "Hasbay, Erim"]
[Black "Sevgi, Volkan"]
[Result "1-0"]
[WhiteElo "1651"]
[BlackElo "1912"]
[WhiteTeam "Isek Aquamatch S.K."]
[BlackTeam "Mersin Ezgi Satranc Kulubu"]
[WhiteFideId "6348238"]
[BlackFideId "6325335"]
[EventDate "2011.06.28"]

1. e4 c6 2. d4 d5 3. exd5 cxd5 4. c4 Nf6 5. Nc3 Nc6 6. Nf3 Be6 7. c5 g6 8. Bb5
Bg7 9. Ne5 Bd7 10. Bxc6 bxc6 11. O-O O-O 12. Be3 Ne4 13. Nxd7 Qxd7 14. f3 Nxc3
15. bxc3 e5 16. Rb1 Rfe8 17. Qd2 f5 18. dxe5 Bxe5 19. Bd4 Re6 20. Rfe1 Rae8 21.
Bxe5 Rxe5 22. Kf2 Qe7 23. Rxe5 Qxe5 24. g3 Qe7 25. Re1 Qxc5+ 26. Kg2 Qf8 27. Kf2
Kf7 28. Rxe8 Qxe8 29. Qd4 Qb8 30. Qa4 Qb6+ 31. Kg2 Qc7 32. Qd4 Kg8 33. Qf6 Qd7
34. Qe5 h6 35. Qf6 Kh7 36. Qd4 Qe7 37. Kf2 h5 38. a4 g5 39. Qd3 Kg6 40. Qd4 Qg7
41. Qe3 Qf7 42. Qe5 Qd7 43. Qb8 Qf7 44. Qe5 h4 45. a5 h3 46. Ke3 Qf6 47. Kd4 c5+
48. Kxd5 Qd8+ 49. Qd6+ Qxd6+ 50. Kxd6 Kf6 51. Kxc5 Ke5 52. c4 g4 53. fxg4 fxg4
54. Kb5 1-0

[Event "TCh-TUR 2011"]
[Site "Konya TUR"]
[Date "2011.07.07"]
[Round "11"]
[White "Keler, Faruk"]
[Black "Guliev, Logman"]
[Result "0-1"]
[BlackTitle "IM"]
[WhiteElo "2231"]
[BlackElo "2459"]
[WhiteTeam "Deniz Genclik S.K."]
[BlackTeam "Yapi Kredi Spor Kulubu"]
[WhiteFideId "6302734"]
[BlackFideId "13400061"]
[EventDate "2011.06.28"]

1. e4 c5 2. Nf3 d6 3. d4 cxd4 4. Nxd4 Nf6 5. Nc3 a6 6. Bg5 e6 7. f4 Qb6 8. Qd3
Nc6 9. Bxf6 gxf6 10. Nb3 Bd7 11. O-O-O O-O-O 12. Be2 h5 13. Qh3 h4 14. Kb1 Kb8
15. f5 Ne5 16. Nd4 Rc8 17. Rhf1 Bh6 18. fxe6 fxe6 19. Rxf6 Bg7 20. Rff1 Nc4 21.
Bxc4 Rxc4 22. Nde2 Rhc8 23. Rd3 Be5 24. Qe3 Qa5 25. Rfd1 Bxh2 26. g3 hxg3 27.
Rxd6 Bb5 28. R6d3 g2 29. Qh3 Be5 30. Qxg2 Rb4 31. Ka1 Bxd3 32. cxd3 Rxb2 33.
Kxb2 Qb4+ 34. Ka1 Rxc3 35. d4 Rc2 0-1

[Event "TCh-TUR 2011"]
[Site "Konya TUR"]
[Date "2011.07.07"]
[Round "11"]
[White "Kanmazalp, Ogulcan"]
[Black "Kose, Serkan"]
[Result "1/2-1/2"]
[WhiteTitle "IM"]
[WhiteElo "2404"]
[BlackElo "2150"]
[WhiteTeam "Yapi Kredi Spor Kulubu"]
[BlackTeam "Deniz Genclik S.K."]
[WhiteFideId "6304990"]
[BlackFideId "6301584"]
[EventDate "2011.06.28"]

1. d4 e6 2. e4 d5 3. Nd2 Nf6 4. e5 Nfd7 5. Bd3 c5 6. c3 Nc6 7. Ne2 cxd4 8. cxd4
f6 9. exf6 Nxf6 10. O-O Bd6 11. Nf3 O-O 12. Bf4 Bxf4 13. Nxf4 Ng4 14. Qd2 Qf6
15. Nh5 Qh6 16. Qxh6 1/2-1/2

[Event "TCh-TUR 2011"]
[Site "Konya TUR"]
[Date "2011.07.07"]
[Round "11"]
[White "Kazimova, Narmin Nizami qizi"]
[Black "Khotenashvili, Bela"]
[Result "1/2-1/2"]
[WhiteTitle "WIM"]
[BlackTitle "IM"]
[WhiteElo "2262"]
[BlackElo "2470"]
[WhiteTeam "Deniz Genclik S.K."]
[BlackTeam "Yapi Kredi Spor Kulubu"]
[WhiteFideId "13402951"]
[BlackFideId "13602640"]
[EventDate "2011.06.28"]

1. d4 Nf6 2. c4 g6 3. Nc3 c5 4. Nf3 Bg7 5. e4 cxd4 6. Nxd4 d6 7. Be2 Bd7 8. O-O
Nc6 9. Be3 O-O 10. f3 a6 11. Qd2 Rc8 12. Rfd1 Ne5 13. b3 Re8 14. Nd5 e6 15.
Nxf6+ Bxf6 16. Rac1 Be7 17. f4 Nc6 18. Nf3 Nb8 19. e5 dxe5 20. Nxe5 Bc6 21. Qc3
Nd7 22. Bf3 Nxe5 23. Rxd8 Rexd8 24. Kf2 Nxf3 25. gxf3 Rd7 26. Rc2 Rcd8 27. Rd2
Rxd2+ 28. Bxd2 Bf6 29. Qc2 Rd4 30. Be3 Rd7 31. Bd2 Rd4 32. Be3 Rd7 33. Bc1 Rd4
34. Be3 Rd7 35. b4 Bh4+ 36. Kg2 b5 37. cxb5 Bxb5 38. a4 Bd3 39. Qc3 Be2 40. Bd4
Rd5 41. Bh8 Kf8 42. Bg7+ Ke8 43. Qc8+ Bd8 44. Bf6 Bd3 45. Qc6+ Kf8 46. Bxd8 Rxd8
47. b5 axb5 48. axb5 Bxb5 49. Qxb5 Rd5 50. Qb2 Kg8 51. Kf2 Rh5 52. Ke3 Rd5 53.
Ke4 Rh5 54. Qb8+ Kg7 1/2-1/2

[Event "TCh-TUR 2011"]
[Site "Konya TUR"]
[Date "2011.07.07"]
[Round "11"]
[White "Kerigan, Demre"]
[Black "Kucuk, Dogan"]
[Result "1-0"]
[WhiteElo "2134"]
[BlackElo "1885"]
[WhiteTeam "Yapi Kredi Spor Kulubu"]
[BlackTeam "Deniz Genclik S.K."]
[WhiteFideId "6307841"]
[BlackFideId "6312985"]
[EventDate "2011.06.28"]

1. e4 e6 2. d4 d5 3. exd5 exd5 4. c4 Nf6 5. Nc3 c6 6. Bd3 dxc4 7. Bxc4 Bd6 8.
Nge2 O-O 9. O-O Nbd7 10. Qd3 b5 11. Bb3 Nc5 12. Qf3 Nxb3 13. axb3 Bg4 14. Qd3 b4
15. Nd1 Nd5 16. Ne3 Bxe2 17. Qxe2 Nf6 18. Nd1 Nd5 19. Ne3 Qh4 20. g3 Qxd4 21.
Nxd5 cxd5 22. Rd1 Qe5 23. Qxe5 Bxe5 24. Rxd5 Bf6 25. Be3 Bxb2 26. Rxa7 Rxa7 27.
Bxa7 Rc8 28. Rb5 Bc3 29. Kf1 h6 1-0

[Event "TCh-TUR 2011"]
[Site "Konya TUR"]
[Date "2011.07.07"]
[Round "11"]
[White "Ererdem, Gani Eren"]
[Black "Arat, Ufuk Sezen"]
[Result "0-1"]
[WhiteElo "1996"]
[BlackElo "2053"]
[WhiteTeam "Deniz Genclik S.K."]
[BlackTeam "Yapi Kredi Spor Kulubu"]
[WhiteFideId "6310915"]
[BlackFideId "6309089"]
[EventDate "2011.06.28"]

1. d4 Nf6 2. c4 g6 3. Nc3 Bg7 4. e4 d6 5. Be2 O-O 6. h4 c5 7. d5 e6 8. h5 exd5
9. cxd5 Qe8 10. Qc2 Bg4 11. hxg6 fxg6 12. f3 Bd7 13. g4 b5 14. Nh3 c4 15. Nf2
Na6 16. Bh6 Bxh6 17. Rxh6 Qe5 18. Rd1 Nxg4 19. Nxg4 Bxg4 20. Kf2 Nb4 21. Qd2
Nd3+ 22. Kg2 Nf4+ 23. Kh1 Bh5 24. Rf1 Qg5 25. Rxh5 Qg2# 0-1

[Event "TCh-TUR 2011"]
[Site "Konya TUR"]
[Date "2011.07.07"]
[Round "11"]
[White "Keskin, Suara"]
[Black "Ustundag, Nefise Melis"]
[Result "1-0"]
[WhiteElo "1693"]
[BlackElo "1695"]
[WhiteTeam "Yapi Kredi Spor Kulubu"]
[BlackTeam "Deniz Genclik S.K."]
[WhiteFideId "6332650"]
[BlackFideId "6325637"]
[EventDate "2011.06.28"]

1. e4 e5 2. Nf3 Nc6 3. Bc4 Bc5 4. O-O d6 5. c3 Be6 6. Bxe6 fxe6 7. d4 exd4 8.
cxd4 Bb6 9. d5 exd5 10. exd5 Nce7 11. Ng5 Ng6 12. Re1+ Ne5 13. Ne6 Qf6 14. Qa4+
Kf7 15. Be3 Ne7 16. Nc3 Rhc8 17. Ne4 Qg6 18. Nf4 Qh6 19. Nd3 Bxe3 20. Nxe5+ dxe5
21. Rxe3 Kg8 22. Qd7 Ng6 23. Rc1 Nf8 24. Qb5 Qb6 25. Qxb6 axb6 26. a3 Ra5 27. d6
Rd5 28. dxc7 Rxc7 29. Nc3 Rd2 30. b4 e4 31. g3 Rd3 1-0

[Event "TCh-TUR 2011"]
[Site "Konya TUR"]
[Date "2011.07.08"]
[Round "12"]
[White "Agamaliev, Gamil"]
[Black "Durarbeyli, Vasif"]
[Result "1/2-1/2"]
[WhiteTitle "GM"]
[BlackTitle "GM"]
[WhiteElo "2523"]
[BlackElo "2511"]
[WhiteTeam "Yapi Kredi Spor Kulubu"]
[BlackTeam "Gazi Universitesi S.K."]
[WhiteFideId "13400215"]
[BlackFideId "13402935"]
[EventDate "2011.06.28"]

1. e4 c6 2. d4 d5 3. Nc3 dxe4 4. Nxe4 Bf5 5. Ng3 Bg6 6. Nf3 Nd7 7. h4 h6 8. h5
Bh7 9. Bd3 Bxd3 10. Qxd3 e6 11. Bd2 Ngf6 12. O-O-O Be7 13. Ne4 Nxe4 14. Qxe4 Nf6
15. Qe2 Qd5 16. c4 Qe4 1/2-1/2

[Event "TCh-TUR 2011"]
[Site "Konya TUR"]
[Date "2011.07.08"]
[Round "12"]
[White "Can, Emre"]
[Black "Guliev, Logman"]
[Result "0-1"]
[WhiteTitle "GM"]
[BlackTitle "IM"]
[WhiteElo "2487"]
[BlackElo "2459"]
[WhiteTeam "Gazi Universitesi S.K."]
[BlackTeam "Yapi Kredi Spor Kulubu"]
[WhiteFideId "6302181"]
[BlackFideId "13400061"]
[EventDate "2011.06.28"]

1. e4 c5 2. Nf3 d6 3. d4 cxd4 4. Nxd4 Nf6 5. Nc3 a6 6. Bg5 Nbd7 7. Qe2 e6 8. f4
Qc7 9. O-O-O Be7 10. g4 b5 11. a3 Bb7 12. Bh4 Nb6 13. g5 Nfd7 14. Bh3 Nc5 15. f5
e5 16. Nf3 Nca4 17. Nxa4 Nxa4 18. f6 gxf6 19. gxf6 Bf8 20. Kb1 Qc3 21. bxc3
Nxc3+ 22. Kb2 Nxe2 23. Nxe5 dxe5 24. Bd7+ Kd8 25. Bg4+ Kc7 26. Rd7+ Kc6 27. Rxf7
Nf4 28. Bd7+ Kb6 29. a4 Bc5 30. Bf5 Bc8 31. Rd1 bxa4 32. Bxc8 Raxc8 33. Rdd7 Kc6
34. Be1 Rhd8 35. Rxd8 Rxd8 36. Rxh7 a3+ 37. Ka2 Ne2 38. Ba5 Rb8 39. Rc7+ Kd6 40.
Re7 Rb2+ 41. Ka1 Nd4 0-1

[Event "TCh-TUR 2011"]
[Site "Konya TUR"]
[Date "2011.07.08"]
[Round "12"]
[White "Cinar Corlulu, Nilufer"]
[Black "Khotenashvili, Bela"]
[Result "0-1"]
[WhiteTitle "WIM"]
[BlackTitle "IM"]
[WhiteElo "1991"]
[BlackElo "2470"]
[WhiteTeam "Gazi Universitesi S.K."]
[BlackTeam "Yapi Kredi Spor Kulubu"]
[WhiteFideId "6300243"]
[BlackFideId "13602640"]
[EventDate "2011.06.28"]

1. e4 c6 2. c4 d5 3. cxd5 cxd5 4. exd5 Nf6 5. Nc3 g6 6. Qb3 Bg7 7. g3 Nbd7 8. d4
Nb6 9. Bg2 O-O 10. Nge2 Bf5 11. O-O Qd7 12. Re1 Rfd8 13. d6 exd6 14. Bg5 Be6 15.
Qb4 Bh3 16. Bh1 Rdc8 17. Qb5 Qxb5 18. Nxb5 d5 19. Nf4 Bd7 20. Nd6 Rc2 21. Re2
Rxe2 22. Nxe2 Bc6 23. Nc3 a6 24. b4 h6 25. Bxf6 Bxf6 26. b5 axb5 27. Ndxb5 Ra5
28. Rb1 Kg7 29. Bf3 Na4 30. Rb4 Nxc3 31. Nxc3 Ra3 32. Rb3 Ra5 33. Rb4 Bg5 34.
Rb3 Bd2 35. Kg2 Kf6 36. a3 Ke6 37. Kf1 Bxc3 38. Rxc3 Ra4 39. Ke2 Rxd4 40. Rb3
Kd6 41. Ke3 Rc4 42. Be2 Rc2 43. Kd3 Ra2 44. f4 b5 45. h4 d4 46. h5 Kc5 47. hxg6
fxg6 48. g4 Bd5 0-1

[Event "TCh-TUR 2011"]
[Site "Konya TUR"]
[Date "2011.07.08"]
[Round "12"]
[White "Kerigan, Demre"]
[Black "Koksal, Ege"]
[Result "1-0"]
[WhiteElo "2134"]
[BlackElo "2004"]
[WhiteTeam "Yapi Kredi Spor Kulubu"]
[BlackTeam "Gazi Universitesi S.K."]
[WhiteFideId "6307841"]
[BlackFideId "6317626"]
[EventDate "2011.06.28"]

1. e4 e5 2. Nf3 Nc6 3. d4 exd4 4. Nxd4 Bc5 5. Be3 Nxd4 6. Bxd4 Bxd4 7. Qxd4 Qf6
8. Qc3 Qxc3+ 9. Nxc3 d6 10. O-O-O Bd7 11. Bc4 Nf6 12. f3 O-O 13. Rd4 Bc6 14.
Rhd1 Rfe8 15. Bb5 Nd7 16. a4 a6 17. Bxc6 bxc6 18. a5 Re5 19. Rc4 Rc5 20. Rdd4
Rb8 21. Rxc5 Nxc5 22. Rc4 g6 23. Na2 Rb7 24. b4 Ne6 25. Rxc6 Ra7 26. Nc3 f5 27.
exf5 gxf5 28. Nd5 Kf7 29. c3 h6 30. Kd2 Ke8 31. Rc4 c5 32. Rh4 Rg7 33. g3 Rg6
34. Kd3 Kd7 35. Kc4 cxb4 36. cxb4 Nd8 37. Rf4 Rg5 38. b5 axb5+ 39. Kxb5 Ne6 40.
a6 Nxf4 41. gxf4 Rg1 42. a7 Ra1 43. Nb6+ Ke6 44. Na4 1-0

[Event "TCh-TUR 2011"]
[Site "Konya TUR"]
[Date "2011.07.08"]
[Round "12"]
[White "Dastan, Batuhan"]
[Black "Yurtseven, Melih"]
[Result "1-0"]
[WhiteElo "2191"]
[BlackElo "2050"]
[WhiteTeam "Gazi Universitesi S.K."]
[BlackTeam "Yapi Kredi Spor Kulubu"]
[WhiteFideId "6300014"]
[BlackFideId "6312160"]
[EventDate "2011.06.28"]

1. e4 e5 2. Nf3 Nc6 3. Bc4 Nf6 4. d4 exd4 5. Ng5 d5 6. exd5 Qe7+ 7. Kf1 Ne5 8.
Qxd4 Nxc4 9. Qxc4 h6 10. Nc3 Qb4 11. Qxc7 hxg5 12. Bxg5 Bd6 13. Re1+ Be6 14. a3
Nxd5 15. Nxd5 Qb5+ 16. c4 Qa6 17. Rxe6+ fxe6 18. Qxg7 Qxc4+ 19. Kg1 Qxd5 20.
Qxh8+ Kd7 21. Qg7+ Kc6 22. Qc3+ Kd7 23. Qd2 Qf5 24. g3 Rc8 25. Bf4 e5 26. Qd5
Rc5 27. Qxb7+ Rc7 28. Qb5+ Ke7 29. Be3 Qb1+ 30. Qf1 Qxb2 31. Bg5+ Ke8 32. h4 Rf7
33. Be3 e4 34. Qc4 Qb7 35. Qe6+ Be7 36. Kg2 Qb2 37. h5 Qxa3 38. Qxe4 Qd6 39. h6 1-0

[Event "TCh-TUR 2011"]
[Site "Konya TUR"]
[Date "2011.07.08"]
[Round "12"]
[White "Nyzhnyk, Illya"]
[Black "Arat, Ufuk Sezen"]
[Result "1-0"]
[WhiteTitle "GM"]
[WhiteElo "2583"]
[BlackElo "2053"]
[WhiteTeam "Gazi Universitesi S.K."]
[BlackTeam "Yapi Kredi Spor Kulubu"]
[WhiteFideId "14118084"]
[BlackFideId "6309089"]
[EventDate "2011.06.28"]

1. d4 Nf6 2. c4 g6 3. Nf3 Bg7 4. g3 d5 5. cxd5 Nxd5 6. Bg2 Nb6 7. Nc3 Nc6 8. e3
O-O 9. O-O Re8 10. Re1 a5 11. Qe2 Be6 12. Rd1 Bc4 13. Qc2 Nb4 14. Qd2 a4 15. Ne1
e5 16. Bxb7 Rb8 17. Bf3 exd4 18. exd4 Bxd4 19. Nc2 c5 20. Nxb4 cxb4 21. Ne4 Bg7
22. Qxb4 Qe7 23. Qxe7 Rxe7 24. Bf4 Rbe8 25. Nd6 Bxb2 26. Rab1 a3 27. Nxc4 Nxc4
28. Kg2 Kg7 29. h3 h6 30. Bd5 Nb6 31. Bb3 Ra8 32. Bd6 Rd7 33. Bc5 Rxd1 34. Rxd1
Na4 35. Be3 g5 36. Rd7 Ra5 37. Rxf7+ Kg6 38. Rc7 Be5 39. Bc2+ Kf6 40. Rc6+ Ke7
41. Rxh6 1-0

[Event "TCh-TUR 2011"]
[Site "Konya TUR"]
[Date "2011.07.08"]
[Round "12"]
[White "Mamedov, Nidjat"]
[Black "Parligras, Mircea-Emilian"]
[Result "1/2-1/2"]
[WhiteTitle "GM"]
[BlackTitle "GM"]
[WhiteElo "2587"]
[BlackElo "2626"]
[WhiteTeam "Mersin Ezgi Satranc Kulubu"]
[BlackTeam "Deniz Genclik S.K."]
[WhiteFideId "13400819"]
[BlackFideId "1204297"]
[EventDate "2011.06.28"]

1. e4 c6 2. d4 d5 3. e5 Bf5 4. Nf3 e6 5. Be2 c5 6. Be3 cxd4 7. Nxd4 Ne7 8. Nd2
Nbc6 9. N2f3 Be4 10. O-O Bxf3 11. Nxf3 Qc7 12. c4 1/2-1/2

[Event "TCh-TUR 2011"]
[Site "Konya TUR"]
[Date "2011.07.08"]
[Round "12"]
[White "Ibrahimov, Rasul"]
[Black "Mirzoev, Azer"]
[Result "1-0"]
[WhiteTitle "GM"]
[BlackTitle "GM"]
[WhiteElo "2532"]
[BlackElo "2481"]
[WhiteTeam "Deniz Genclik S.K."]
[BlackTeam "Mersin Ezgi Satranc Kulubu"]
[WhiteFideId "13400495"]
[BlackFideId "13400304"]
[EventDate "2011.06.28"]

1. Nf3 d5 2. d4 e6 3. g3 Nf6 4. Bg2 Nbd7 5. O-O Be7 6. c4 O-O 7. Qc2 c6 8. Nbd2
b6 9. e4 Bb7 10. e5 Ne8 11. cxd5 cxd5 12. Re1 Rc8 13. Qa4 Nc7 14. Nf1 a5 15. h4
Ba6 16. Bg5 Re8 17. Rac1 Nf8 18. Qb3 Na8 19. Ne3 Rxc1 20. Rxc1 Qb8 21. Bf1 Bxf1
22. Kxf1 h6 23. Bxe7 Rxe7 24. h5 Rc7 25. Rxc7 Nxc7 26. Qc3 Nb5 27. Qb3 Na7 28.
Qc3 Nd7 29. g4 Qb7 30. Ke2 Nc6 31. a3 b5 32. Qd3 Qb6 33. b3 b4 34. a4 Ne7 35.
Nd2 Qc6 36. f4 f6 37. Nf3 fxe5 38. fxe5 Nf8 39. Kd2 Qe8 40. Qa6 Nc6 41. Ng2 Qf7
42. Ke3 Qc7 43. Qd3 Ne7 44. Kd2 g5 45. Ng1 Nc6 46. Ne2 Qh7 47. Qe3 Qf7 48. Ne1
Kg7 49. Nf3 Ne7 50. Qd3 Nc6 51. Ke3 Qc7 52. Qc2 Kf7 53. Nc1 Ke8 54. Nd3 Qb6 55.
Nc5 Nb8 56. Ne1 Qc7 57. Ned3 Qf7 58. Ke2 Nc6 59. Ke3 Nd8 60. Qg2 Nd7 61. Nxd7
Kxd7 62. Qc2 Ke8 63. Qc1 Qh7 64. Nf2 Qf7 65. Nd3 Qd7 66. Qc5 Nb7 67. Qb6 Qc8 68.
Nc5 Nxc5 69. dxc5 Qd7 70. Qb8+ Kf7 71. Kd4 Qe7 72. c6 Kg7 73. Qb7 Kf7 74. c7 1-0

[Event "TCh-TUR 2011"]
[Site "Konya TUR"]
[Date "2011.07.08"]
[Round "12"]
[White "Sengul, Cengiz"]
[Black "Keler, Faruk"]
[Result "0-1"]
[WhiteElo "2225"]
[BlackElo "2231"]
[WhiteTeam "Mersin Ezgi Satranc Kulubu"]
[BlackTeam "Deniz Genclik S.K."]
[WhiteFideId "6302785"]
[BlackFideId "6302734"]
[EventDate "2011.06.28"]

1. Nf3 Nf6 2. c4 c6 3. g3 d5 4. Bg2 dxc4 5. Qc2 Qd5 6. Nc3 Qa5 7. b3 cxb3 8.
Qxb3 g6 9. O-O Bg7 10. Ba3 Qd8 11. e4 O-O 12. d4 Nfd7 13. Rad1 a5 14. e5 Nb6 15.
h3 Be6 16. Qc2 Nd5 17. Ne4 Nb4 18. Qd2 N8a6 19. Nc3 h6 20. Rfe1 b5 21. Re4 Nd5
22. Bc1 Nxc3 23. Qxc3 Nb4 24. Bd2 Qd5 25. Rh4 Qc4 26. Qe3 Nd5 27. Qa3 b4 28. Qb2
Nc3 29. Ra1 g5 30. Nxg5 hxg5 31. Bxg5 Qe2 32. Qc1 Qd3 33. Bf1 Qf3 34. Rf4 Qh5
35. Rh4 Qf3 36. Rf4 Ne2+ 37. Bxe2 Qxe2 38. Bxe7 Bh6 39. Rh4 Bxc1 40. Bf6 Qe1+ 0-1

[Event "TCh-TUR 2011"]
[Site "Konya TUR"]
[Date "2011.07.08"]
[Round "12"]
[White "Kose, Serkan"]
[Black "Duman, Aydin"]
[Result "1/2-1/2"]
[WhiteElo "2150"]
[BlackElo "2188"]
[WhiteTeam "Deniz Genclik S.K."]
[BlackTeam "Mersin Ezgi Satranc Kulubu"]
[WhiteFideId "6301584"]
[BlackFideId "6301304"]
[EventDate "2011.06.28"]

1. e4 c5 2. c3 g6 3. d4 cxd4 4. cxd4 d5 5. exd5 Nf6 6. Nf3 Nxd5 7. Be2 Bg7 8.
O-O Nc6 9. h3 O-O 10. Nc3 Bf5 11. Be3 1/2-1/2

[Event "TCh-TUR 2011"]
[Site "Konya TUR"]
[Date "2011.07.08"]
[Round "12"]
[White "Nikolova, Adriana"]
[Black "Kazimova, Narmin Nizami qizi"]
[Result "1-0"]
[WhiteTitle "WIM"]
[BlackTitle "WIM"]
[WhiteElo "2333"]
[BlackElo "2262"]
[WhiteTeam "Mersin Ezgi Satranc Kulubu"]
[BlackTeam "Deniz Genclik S.K."]
[WhiteFideId "2908689"]
[BlackFideId "13402951"]
[EventDate "2011.06.28"]

1. e4 c5 2. c3 d5 3. exd5 Qxd5 4. d4 Nf6 5. Nf3 Bg4 6. Be2 e6 7. O-O Nc6 8. h3
Bh5 9. Be3 cxd4 10. cxd4 Be7 11. Nc3 Qd6 12. Nb5 Qb8 13. Rc1 Nd5 14. Nc3 Nxe3
15. fxe3 O-O 16. a3 Rd8 17. b4 a6 18. Qe1 Rf8 19. Qf2 Bd6 20. Bd3 Ne7 21. Ng5
Bg6 22. Bxg6 Nxg6 23. Na4 Qd8 24. Ne4 Bb8 25. Rfd1 f5 26. Nd2 Qd6 27. Nf3 a5 28.
b5 Ba7 29. Qa2 Rae8 30. Nc5 Re7 31. a4 h6 32. Qd2 Bb6 33. Qa2 Kh7 34. h4 Rd8 35.
Qc2 Qg3 36. Qf2 Qd6 37. h5 Nh8 38. Ne5 Bxc5 39. Rxc5 Qxc5 40. dxc5 Rxd1+ 41. Kh2
Rd5 42. Qg3 Rxc5 43. Ng6 Re8 44. Qd6 Rd5 45. Qc7 Nxg6 46. hxg6+ Kxg6 47. Qxb7
Red8 1-0